Les plus grandes villes situées loin de la mer - Statistiques

Statistiques générales
  • Ce quiz a été pris 123 fois
  • Le résultat moyen est 15 sur 27
Réponses sur la Carte
Les réponses sont colorées sur une échelle allant du rouge au vert en fonction du pourcentage des utilisateurs qui les ont devinées à leur premier essai. Vous pouvez retrouver ces pourcentages ci-dessous.
 
Statistiques - réponses
Population Agglomération % Correct
18.8 m Moscou
98%
33.4 m Delhi
90%
9.9 m Chicago
86%
10.2 m Bogotá
82%
9.15 m Riyad
82%
16.2 m Téhéran
81%
7.5 m Bagdad
77%
7.55 m Dallas
76%
15.0 m Kinshasa
76%
14.8 m Johannesburg
75%
7.55 m Toronto
70%
6.1 m Atlanta
67%
5.85 m Détroit
67%
6.85 m Khartoum
64%
6.55 m Nairobi
62%
11.8 m Wuhan
52%
14.4 m Lahore
45%
12.3 m Xi'an
40%
5.2 m Kano
37%
16.6 m Chengdu
35%
10.5 m Chongqing
30%
5.4 m Harbin
24%
10.5 m Changsha
15%
6.25 Kunming
15%
9.45 m Zhengzhou
14%
7.5 m Hefei
10%
5.75 m Taiyuan
5%
Aucun quiz correspondant
Distribution des résultats
% des personnes avec chaque résultat
Percentile par nombre de réponses
Votre historique - résultats
Vous n’avez pas pris ce quiz